000 00368nam a2200145Ia 4500
008 230711s9999||||xx |||||||||||||| ||und||
041 _aENG
082 _a621.381
_bWE-G
100 _aWeisman,Carl J
245 4 _aThe essential guide to RF and wireless
250 _a1st . Ed.
260 _c2001
_aNew Delhi
_bPearson
650 _aElectronics Engineering
942 _cBK
999 _c4299
_d4299